[Event "Deltalift Open"]
[Site "Tylosand"]
[Date "2016.05.05"]
[Round "4.6"]
[White "Aaberg, Anton"]
[Black "Persson, Anders"]
[Result "1-0"]
[WhiteElo "2365"]
[BlackElo "2074"]

1.e4 e5 2.Nf3 Nc6 3.d4 exd4 4.Nxd4 Bb4+ 5.c3 Bc5 6.Be3 Bb6 7.Bc4 Nf6 8.
Nxc6 bxc6 9.Bxb6 axb6 10.e5 Qe7 11.O-O Nd5 12.Re1 Nf4 13.Qf3 Ne6 14.Nd2 
O-O 15.Qg3 d5 16.Bd3 Ra4 17.b4 c5 18.a3 f6 19.Qh4 g5 20.exf6 Rxf6 21.Qxg5+
Nxg5 22.Rxe7 Rf7 23.Re5 Ne6 24.Rxd5 Bb7 25.Re5 1-0

[Event "Deltalift Open"]
[Site "Tylosand"]
[Date "2016.05.05"]
[Round "4.7"]
[White "Berglind, Axel"]
[Black "Kockum, Anton Frisk"]
[Result "1-0"]
[WhiteElo "1873"]
[BlackElo "2382"]

1.c4 c5 2.Nf3 Nc6 3.g3 d6 4.Bg2 Bd7 5.Nc3 Qc8 6.h4 Nf6 7.d4 cxd4 8.Nxd4 g6
9.Nxc6 bxc6 10.Bg5 Bg7 11.Qd2 Rb8 12.Rc1 h5 13.b3 O-O 14.Bh6 c5 15.Bxg7 
Kxg7 16.O-O a5 17.Nd5 Nxd5 18.Bxd5 a4 19.Rc3 Rb6 20.Rd1 Qb8 21.Re3 e5 22.
Bg2 Be6 23.Qc3 Rd8 24.Bd5 Bg4 25.Bf3 Bf5 26.Bd5 f6 27.Qa5 axb3 28.axb3 Rd7
29.Ra1 Rb4 30.Qa8 Qxa8 31.Rxa8 Bc2 32.Ra3 Rb6 33.Rc3 Bf5 34.e4 Bh3 35.Kh2 
Bf1 36.Ra1 Be2 37.Re1 Bg4 38.f3 Ra7 39.fxg4 hxg4 40.Be6 Ra2+ 41.Kg1 Rb2 
42.Bxg4 R2xb3 43.Rxb3 Rxb3 44.Kf2 Rc3 45.Be6 Kf8 46.Bd5 Ke7 47.Ra1 f5 48.
Ra7+ Ke8 49.exf5 gxf5 50.Rf7 Rc2+ 51.Kg1 Rc3 52.Kh2 Rc2+ 53.Kh3 e4 54.Rxf5
e3 55.Rf3 e2 56.Re3+ Kf8 57.h5 Kg7 58.Kh4 Kf6 59.h6 Kg6 60.Be4+ 1-0

[Event "Deltalift Open"]
[Site "Tylosand"]
[Date "2016.05.05"]
[Round "4.8"]
[White "Malekian, Babak"]
[Black "Ivarsson, Torbjorn"]
[Result "1/2-1/2"]
[WhiteElo "2275"]
[BlackElo "2185"]

1.b3 Nf6 2.Bb2 e6 3.f4 b6 4.Nf3 Bb7 5.e3 Be7 6.Nc3 O-O 7.Bd3 Na6 8.Bxa6 
Bxa6 9.Ne5 Bb7 10.Rg1 d6 11.Ng4 Nxg4 12.Qxg4 f5 13.Qh3 Bf6 14.O-O-O Qe7 
15.g4 fxg4 16.Qxg4 Rf7 17.Rg3 Raf8 18.Kb1 Bc8 19.Qh5 g6 20.Ne4 Bxb2 21.
Kxb2 e5 22.fxe5 Rf5 23.Qh6 Qxe5+ 24.d4 Qg7 25.Qh4 d5 26.Nc3 c6 27.Rd2 Rf1 
28.Rgg2 R1f3 29.Rg3 Rf1 1/2-1/2

[Event "Deltalift Open"]
[Site "Tylosand"]
[Date "2016.05.05"]
[Round "4.9"]
[White "Segerberg, Tomas"]
[Black "Haugli, Petter"]
[Result "1/2-1/2"]
[WhiteElo "2099"]
[BlackElo "2254"]

1.c4 e5 2.Nc3 Nf6 3.Nf3 Nc6 4.a3 Be7 5.d4 exd4 6.Nxd4 d6 7.e4 O-O 8.Be2 
Bd7 9.O-O Re8 10.Be3 Bf8 11.f3 Ne5 12.Qd2 c6 13.Rad1 h6 14.Rfe1 Qc7 15.Rc1
Rad8 16.Qc2 Qb8 17.Bf2 Ng6 18.Bf1 a6 19.Nce2 Rc8 20.Qd2 b5 21.Ng3 bxc4 22.
Bxc4 Qb7 23.b4 d5 24.exd5 cxd5 25.Bf1 Ne5 26.Nb3 Nc4 27.Bxc4 Rxe1+ 28.Qxe1
Rxc4 29.Nc5 Bxc5 30.Bxc5 Be6 31.Ne2 Nd7 32.Bf2 Ne5 33.Rd1 Ng6 34.Nd4 Qd7 
35.Nb3 Qc8 36.Nc5 a5 37.Nxe6 fxe6 38.bxa5 Rc2 39.Rd2 Rc1 40.Rd1 Rc2 41.Rd2
Rc1 42.Rd1 Rc2 43.Rd2 1/2-1/2

[Event "Deltalift Open"]
[Site "Tylosand"]
[Date "2016.05.05"]
[Round "4.10"]
[White "Cordoba, Santiago Crueso"]
[Black "Tikkanen, Hans"]
[Result "0-1"]
[WhiteElo "1989"]
[BlackElo "2525"]

1.d4 d5 2.c4 c6 3.Nc3 Nf6 4.cxd5 cxd5 5.Nf3 Nc6 6.g3 e6 7.Bg2 Be7 8.O-O 
O-O 9.Bf4 Nh5 10.Bc1 f5 11.e3 Nf6 12.Ne5 Nxe5 13.dxe5 Ne4 14.Ne2 b6 15.f4 
Ba6 16.Bxe4 dxe4 17.Qxd8 Rfxd8 18.Re1 Bxe2 19.Rxe2 Rd1+ 20.Kf2 Rc8 21.Re1 
Rc2+ 22.Kf1 Rxe1+ 23.Kxe1 Rxh2 24.a3 Kf7 25.Rb1 Kg6 26.Kd1 Rh1+ 27.Kc2 Kh5
28.Bd2 Rxb1 29.Kxb1 Kg4 30.Kc2 Kxg3 31.Kb3 h5 32.Kc4 a6 33.b4 h4 34.b5 
axb5+ 35.Kxb5 h3 0-1

[Event "Deltalift Open"]
[Site "Tylosand"]
[Date "2016.05.05"]
[Round "4.11"]
[White "Karlsson, Lars"]
[Black "Kenani, Dariush"]
[Result "1-0"]
[WhiteElo "2441"]
[BlackElo "1981"]

1.b3 d5 2.Bb2 c5 3.e3 Nc6 4.Bb5 Bf5 5.f4 f6 6.Nf3 Bg6 7.O-O e6 8.Bxc6+ 
bxc6 9.d3 Nh6 10.Nbd2 Be7 11.Qe2 O-O 12.e4 Qd7 13.Rae1 Bf7 14.h3 Kh8 15.g4
Rae8 16.Kh1 Bd8 17.Rg1 Ng8 18.Qg2 Bc7 19.g5 Bg6 20.gxf6 Nxf6 21.Ne5 Bxe5 
22.Bxe5 Nh5 23.Qh2 Rf7 24.Nf3 Ref8 25.Ng5 Rxf4 26.Bxf4 Nxf4 27.Qg3 e5 28.
exd5 Qxd5+ 29.Ne4 Qd7 30.Rgf1 Rf5 31.Nxc5 Qd5+ 32.Ne4 Rh5 33.Rxf4 exf4 34.
Qxf4 h6 35.Kh2 Bf5 36.Re3 Qa5 37.a4 Bxe4 38.Qxe4 Qd2+ 39.Re2 Qg5 40.Qe8+ 
Kh7 41.Qe4+ Kh8 42.Qf3 Kh7 43.Qe4+ Kh8 44.Rg2 Qf6 45.Qe8+ Kh7 46.Qxh5 Qf4+
47.Kh1 1-0

[Event "Deltalift Open"]
[Site "Tylosand"]
[Date "2016.05.05"]
[Round "4.12"]
[White "Lindgren, Philip"]
[Black "Goransson, Martin"]
[Result "1-0"]
[WhiteElo "2406"]
[BlackElo "1977"]

1.d4 Nf6 2.c4 c5 3.d5 e5 4.Nc3 d6 5.e4 Be7 6.g3 O-O 7.Bg2 Ne8 8.Nge2 Na6 
9.O-O Nec7 10.Be3 Bd7 11.a4 Nb4 12.Qd2 b6 13.f4 Bf6 14.f5 a6 15.g4 h6 16.
Ng3 Bg5 17.Rae1 b5 18.b3 bxc4 19.bxc4 Rb8 20.Nh5 Bxe3+ 21.Rxe3 Qg5 22.Qf2 
Nc2 23.Rd3 Nd4 24.h4 Qd8 25.g5 hxg5 26.Rg3 f6 27.hxg5 fxg5 28.f6 g4 29.
Nxg7 Rxf6 30.Qxf6 Qxf6 31.Rxf6 Kxg7 32.Rxd6 Bc8 33.Rd8 Na8 34.Rxg4+ 1-0

[Event "Deltalift Open"]
[Site "Tylosand"]
[Date "2016.05.05"]
[Round "4.13"]
[White "Sadiku, Halil"]
[Black "Welin, Mats"]
[Result "0-1"]
[WhiteElo "1980"]
[BlackElo "2338"]

1.d4 Nf6 2.Nf3 d5 3.Bf4 c5 4.c3 e6 5.e3 Nc6 6.Nbd2 Be7 7.h3 Bd6 8.Bxd6 
Qxd6 9.Bd3 O-O 10.O-O e5 11.Nxe5 Nxe5 12.dxe5 Qxe5 13.Nf3 Qe7 14.Re1 b6 
15.Qa4 Re8 16.Bb5 Rd8 17.Bc6 Rb8 18.Rad1 a6 19.Qf4 Be6 20.Ba4 b5 21.Bc2 b4
22.g4 Qb7 23.Ne5 bxc3 24.bxc3 Qc7 25.Ba4 Rb2 26.Rb1 Rxa2 27.Bd1 Ne4 28.Nd3
Qxf4 29.exf4 Nxc3 30.Rc1 d4 31.Nxc5 Bd5 32.f5 h6 33.Re5 Rd2 34.Re1 a5 35.
Ra1 Rc8 36.Nd7 Ba2 37.Bf3 a4 38.f6 d3 39.fxg7 Kxg7 40.h4 Ne2+ 41.Kg2 Rc4 
42.Ne5 Nf4+ 43.Kg3 Rb4 44.Be4 Ne2+ 45.Kf3 Nc3 46.Bxd3 Rbb2 47.Rf1 Bb3 48.
Bc4 Nd1 49.Bxb3 Rxb3+ 50.Kg2 Ne3+ 51.Kh2 Nxf1+ 52.Rxf1 a3 53.Kg2 a2 54.Ra1
Rb1 0-1

[Event "Deltalift Open"]
[Site "Tylosand"]
[Date "2016.05.05"]
[Round "4.14"]
[White "Arnelind, Mikael"]
[Black "Cedervall, Magnus"]
[Result "1/2-1/2"]
[WhiteElo "2194"]
[BlackElo "1965"]

1.d4 d5 2.c4 e6 3.Nc3 Nf6 4.cxd5 exd5 5.Bg5 Be7 6.e3 b6 7.Bd3 Bb7 8.Nge2 
O-O 9.O-O Nbd7 10.Rc1 c5 11.dxc5 bxc5 12.Bf5 g6 13.Bh3 Re8 14.Qc2 a6 15.
Rfd1 Nb6 16.Na4 Nxa4 17.Qxa4 Qb6 18.Qc2 Rad8 19.Nc3 Bc6 20.Na4 Bxa4 21.
Qxa4 Ne4 22.Bxe7 Rxe7 23.Qc2 c4 24.Bg4 Rb7 25.Bf3 f5 26.Rb1 Rc7 27.Bxe4 
fxe4 28.Qc3 Qe6 29.Rd2 Rdd7 30.Rbd1 Rb7 31.Qa5 Rb5 32.Qa3 Rdb7 33.Rf1 Qf6 
34.f3 Qe7 35.Qc3 Qg7 36.fxe4 Rxb2 1/2-1/2

[Event "Deltalift Open"]
[Site "Tylosand"]
[Date "2016.05.05"]
[Round "4.15"]
[White "Andersson, Kjell-Ake"]
[Black "Reid, Gregor"]
[Result "0-1"]
[WhiteElo "1946"]
[BlackElo "2170"]

1.c4 Nf6 2.Nc3 g6 3.g3 Bg7 4.Bg2 O-O 5.Nf3 d6 6.O-O e5 7.d3 h6 8.Rb1 Nc6 
9.b4 Be6 10.b5 Ne7 11.a4 Qd7 12.c5 Bh3 13.cxd6 cxd6 14.Ba3 Bxg2 15.Kxg2 
Ned5 16.Nxd5 Nxd5 17.Qb3 Nf6 18.Nd2 Rfe8 19.Ne4 d5 20.Nc5 Qg4 21.f3 Qh5 
22.Nxb7 e4 23.dxe4 dxe4 24.Nd6 exf3+ 25.Qxf3 Rxe2+ 26.Rf2 Rxf2+ 27.Qxf2 
Ng4 28.Qxf7+ Kh8 29.Ne8 Qxh2+ 30.Kf1 Ne3+ 0-1

[Event "Deltalift Open"]
[Site "Tylosand"]
[Date "2016.05.05"]
[Round "4.16"]
[White "Karlsson, Jorgen"]
[Black "Knutsson, Hakan"]
[Result "1-0"]
[WhiteElo "2170"]
[BlackElo "1959"]

1.e4 c5 2.Nf3 e6 3.d3 d6 4.g3 Nc6 5.Bg2 Nf6 6.O-O Be7 7.c3 O-O 8.Re1 b5 9.
h3 Qc7 10.Nbd2 a5 11.Nf1 Ba6 12.g4 Rad8 13.Ng3 d5 14.e5 Nd7 15.Bf4 b4 16.
Qd2 Nb6 17.Nh5 Bc8 18.Bh6 g6 19.Nf6+ Kh8 20.Bxf8 Bxf8 21.g5 Bg7 22.Qf4 Nd7
23.d4 c4 24.Qh4 Nxf6 25.gxf6 Bf8 26.Qf4 a4 27.Re2 a3 28.cxb4 axb2 29.Rxb2 
Nxb4 30.Bf1 Ba6 31.a3 Nc6 32.Qd2 Na5 33.Qc3 Ra8 34.Nd2 Qd8 35.Rab1 Bh6 36.
Rb6 Bxd2 37.Qxd2 Nb3 38.Qb4 Bc8 39.Rxb3 cxb3 40.Qxb3 Bd7 41.Rb7 Kg8 42.Bb5
Bxb5 43.Qxb5 h5 44.a4 Qc8 45.Kg2 Qc2 46.Rb8+ Rxb8 47.Qxb8+ Kh7 48.Qf8 Qe4+
49.Kf1 Qh1+ 50.Ke2 Qe4+ 51.Kd2 Qxd4+ 52.Kc2 Qxa4+ 53.Kc3 Qc4+ 54.Kb2 Qd4+ 
55.Ka3 Qa1+ 56.Kb4 Qb2+ 57.Ka5 Qa2+ 58.Kb5 Qb3+ 59.Kc6 Qa4+ 60.Kb6 Qb3+ 
61.Kc7 Qc4+ 62.Kd8 1-0

[Event "Deltalift Open"]
[Site "Tylosand"]
[Date "2016.05.05"]
[Round "4.17"]
[White "Westergren, Bertil"]
[Black "Nilsson, Patrik 1978"]
[Result "0-1"]
[WhiteElo "1928"]
[BlackElo "2155"]

1.d4 f5 2.Bg5 g6 3.e3 Bg7 4.Nf3 Nf6 5.Bxf6 Bxf6 6.g3 d6 7.Bg2 O-O 8.O-O e5
9.dxe5 dxe5 10.Qe2 e4 11.Qc4+ Kg7 12.Nd4 Qe7 13.Nc3 c6 14.Rfd1 Na6 15.Rd2 
Nc5 16.Nb3 Nxb3 17.axb3 Be6 18.Qe2 a5 19.Bf1 b5 20.Rad1 Rfd8 21.f3 Rxd2 
22.Rxd2 exf3 23.Qxf3 Bxc3 24.bxc3 Bd5 25.Qf4 Re8 26.Kf2 Qe5 27.Qxe5+ Rxe5 
28.Rd1 Be4 29.Bd3 Rc5 30.b4 axb4 31.cxb4 Rc3 32.Rd2 Kf6 33.Ke2 Ke5 34.Kd1 
Bd5 35.Rf2 Ra3 36.h4 Ra4 37.Rf4 Ra1+ 38.Kd2 Rg1 39.h5 Rxg3 40.hxg6 hxg6 
41.Ke2 Rh3 42.Rf2 Rh4 43.c3 Be4 44.Kd2 g5 0-1

[Event "Deltalift Open"]
[Site "Tylosand"]
[Date "2016.05.05"]
[Round "4.18"]
[White "Wahlström, Lennarth"]
[Black "Szumniak, Jedrzej"]
[Result "1-0"]
[WhiteElo "2153"]
[BlackElo "1945"]

1.e4 c5 2.Nf3 Nc6 3.d4 cxd4 4.Nxd4 Qb6 5.Nb3 Nf6 6.Be3 Qc7 7.Nc3 e6 8.Bd3 
Be7 9.O-O a6 10.f4 d6 11.a4 b6 12.Be2 Bb7 13.Bf3 Nb4 14.Qd2 d5 15.e5 Nd7 
16.a5 b5 17.Qf2 Rc8 18.Rfd1 Nxc2 19.Qxc2 b4 20.Bd4 bxc3 21.bxc3 O-O 22.Qd3
Nc5 23.Nxc5 Bxc5 24.Rdb1 Rb8 25.Bxc5 Qxc5+ 26.Qd4 Qxd4+ 27.cxd4 Bc6 28.Be2
Bb5 29.Bxb5 Rxb5 30.Rxb5 axb5 31.Rb1 Rb8 32.Kf2 Kf8 33.Ke3 Ke7 34.Kd3 Kd7 
35.Kc3 Kc7 36.Kb4 Kb7 37.Rc1 h6 38.Rc5 Ka6 39.Rc6+ Ka7 40.Rc7+ Ka6 41.g4 
g5 42.f5 exf5 43.gxf5 h5 44.Rxf7 g4 45.Rf6+ Ka7 46.e6 h4 47.Rg6 g3 48.hxg3
Rc8 49.e7 Re8 50.f6 1-0

[Event "Deltalift Open"]
[Site "Tylosand"]
[Date "2016.05.05"]
[Round "4.19"]
[White "Blomstrom, Lars"]
[Black "Sjodahl, Sten"]
[Result "1-0"]
[WhiteElo "2145"]
[BlackElo "1926"]

1.e4 e5 2.Nf3 Nc6 3.Bb5 a6 4.Ba4 d6 5.d3 Bg4 6.c3 Nf6 7.Nbd2 Be7 8.h3 Be6 
9.d4 exd4 10.Nxd4 Bd7 11.Nxc6 Bxc6 12.Bxc6+ bxc6 13.Qf3 Qd7 14.O-O O-O 15.
Re1 Rab8 16.Nf1 d5 17.Ng3 h6 18.e5 Nh7 19.Qd3 a5 20.Re2 Bc5 21.Kh2 Rfe8 
22.Nf5 Qe6 23.Bf4 Nf8 24.Rae1 Ng6 25.Bg3 Ne7 26.Nxe7+ Qxe7 27.f4 Rbd8 28.
f5 Qg5 29.Qf3 Bb6 30.h4 Qe7 31.f6 Qe6 32.Bf4 Kh7 33.Qh5 d4 34.g4 d3 35.Rd2
Bc5 36.fxg7 Kxg7 37.Rf1 Qg6 38.Bxh6+ Kg8 39.Qxg6+ fxg6 40.Bf4 Be7 41.Rf3 
Bxh4 42.Rdxd3 Rxd3 43.Rxd3 g5 44.Bg3 Bxg3+ 45.Kxg3 Rxe5 46.Rd8+ Kf7 47.Rb8
Ke6 48.Kf3 Rb5 49.Ra8 Ke5 50.b3 Kd6 51.Rf8 Ke6 52.Re8+ Kd6 53.Re4 Rd5 54.
Rd4 Ke5 55.Ke3 Rd6 56.Rc4 Kd5 57.Ra4 Re6+ 58.Kd3 Rf6 59.Rxa5+ c5 60.b4 
Rf3+ 61.Kc2 Ke6 62.Rxc5 Kf6 63.a4 1-0

[Event "Deltalift Open"]
[Site "Tylosand"]
[Date "2016.05.05"]
[Round "4.20"]
[White "Carlsson, Ludvig"]
[Black "Johansson, David"]
[Result "0-1"]
[WhiteElo "1924"]
[BlackElo "2118"]

1.c4 Nf6 2.g3 e5 3.Nc3 Bb4 4.Bg2 O-O 5.Nf3 Re8 6.O-O e4 7.Nd4 Nc6 8.Nxc6 
dxc6 9.Qc2 Bf5 10.a3 Bf8 11.f3 exf3 12.Qxf5 fxg2 13.Kxg2 Qd6 14.d3 Re5 15.
Qf3 Qd7 16.h3 Rae8 17.Bf4 R5e6 18.Rae1 a5 19.g4 h6 20.Qg3 Bd6 21.Bxd6 cxd6
22.Rf5 Re3 23.Qf4 R3e5 24.Rxe5 Rxe5 25.e4 Re8 26.Rf1 Qe6 27.Ne2 Qe5 28.
Qxe5 dxe5 29.Rf5 Nd7 30.Kf2 g6 31.Rf3 a4 32.Ke3 Nc5 33.Nc1 Kf8 34.h4 Ke7 
35.Kf2 Rd8 36.h5 gxh5 37.gxh5 Rg8 38.Rg3 Rxg3 39.Kxg3 Kf6 40.Kh4 b6 41.Kg4
Ke6 42.Ne2 Nxd3 43.Ng3 Nxb2 44.Nf5 Nxc4 45.Nxh6 Kf6 46.Ng8+ Kg7 47.Ne7 
Nxa3 48.Nxc6 Nc4 49.Kg5 a3 50.Nb4 Nd6 51.h6+ Kh7 52.Kf6 Nxe4+ 53.Kxf7 Nc3 
54.Kf6 e4 55.Ke5 e3 56.Kd4 e2 57.Nc2 a2 58.Kxc3 a1=Q+ 59.Nxa1 e1=Q+ 60.Kb2
Kxh6 61.Nc2 Qd2 62.Kb3 Kg5 63.Na3 Kf5 64.Ka4 Qa5+ 65.Kb3 Ke4 66.Nc4 Qb5+ 
67.Kc3 Qc5 68.Kb3 b5 69.Nd2+ Kd3 70.Nb1 Qc2+ 71.Ka3 b4+ 0-1

[Event "Deltalift Open"]
[Site "Tylosand"]
[Date "2016.05.05"]
[Round "4.22"]
[White "Andersson, Robert"]
[Black "Andersson, Jan"]
[Result "1-0"]
[WhiteElo "2096"]
[BlackElo "1847"]

1.Nf3 d5 2.d4 e6 3.c4 Nf6 4.Nc3 Bb4 5.Bg5 h6 6.Bxf6 Qxf6 7.e3 O-O 8.Qb3 
Bxc3+ 9.Qxc3 Nc6 10.Be2 Bd7 11.O-O Rfe8 12.cxd5 exd5 13.Qb3 Qd6 14.Qxb7 
Rab8 15.Qa6 Rxb2 16.Rfb1 Reb8 17.Rxb2 Rxb2 18.Bd1 Rb6 19.Qd3 Nb4 20.Qd2 
Bf5 21.Ne1 Qg6 22.Rc1 c6 23.a3 Nd3 24.Nxd3 Bxd3 25.Bc2 Bxc2 26.Rxc2 Rb3 
27.Qc1 Rxa3 28.Rxc6 Qxc6 29.Qxa3 Qb6 30.h4 a5 31.Qe7 Qb1+ 32.Kh2 Qe4 33.
Qd8+ Kh7 34.Qxa5 Qxh4+ 35.Kg1 Qh5 36.g3 Qf3 37.Qc7 g5 38.Qe5 f6 39.Qe7+ 
Kg6 40.Qe8+ Kf5 41.Qc8+ Ke4 42.Qc2# 1-0

[Event "Deltalift Open"]
[Site "Tylosand"]
[Date "2016.05.05"]
[Round "4.23"]
[White "Horbing, Stefan"]
[Black "Olsson, Stefan"]
[Result "1/2-1/2"]
[WhiteElo "2072"]
[BlackElo "1838"]

1.e4 c6 2.d4 d5 3.e5 Bf5 4.Nf3 e6 5.Be2 Ne7 6.O-O Nd7 7.Be3 Qc7 8.Re1 h6 
9.h4 Bg4 10.Nbd2 Nf5 11.Bf4 Be7 12.g3 Nf8 13.Nf1 Bxf3 14.Bxf3 g5 15.hxg5 
hxg5 16.Bc1 O-O-O 17.Ne3 Ng6 18.Bg4 Nh6 19.Bf3 Nf5 20.Bg4 Nh6 21.Bf3 Nf5 
22.Bg4 1/2-1/2

[Event "Deltalift Open"]
[Site "Tylosand"]
[Date "2016.05.05"]
[Round "4.24"]
[White "Pettersson, Kjell"]
[Black "Lindberg, Cajsa"]
[Result "1-0"]
[WhiteElo "2059"]
[BlackElo "1776"]

1.f4 d5 2.Nf3 g6 3.e3 Bg7 4.d4 Nf6 5.Bd3 O-O 6.Nbd2 Bg4 7.h3 Bxf3 8.Qxf3 
e6 9.O-O Nbd7 10.c3 c5 11.Kh1 Rb8 12.g4 b5 13.a3 a5 14.Qg3 b4 15.axb4 axb4
16.f5 exf5 17.gxf5 bxc3 18.bxc3 c4 19.Bc2 Nh5 20.Qg2 Re8 21.fxg6 hxg6 22.
Rxf7 Rxe3 23.Nf3 Re7 24.Rxe7 Qxe7 25.Qxg6 Ndf6 26.Ne5 Rf8 27.Ba3 Qe8 28.
Bxf8 Qxf8 29.Rf1 Qe7 30.Bd1 Qe6 31.Kh2 Qe7 32.Bxh5 Nxh5 33.Qxh5 1-0

[Event "Harplinge Mini Open"]
[Site "Tylosand"]
[Date "2016.05.05"]
[Round "4.1"]
[White "Sadiku, Lorik"]
[Black "Nielsen, Tim"]
[Result "1-0"]
[WhiteElo "1463"]
[BlackElo "1585"]

1.d4 Nf6 2.c4 e5 3.e3 exd4 4.exd4 Bb4+ 5.Bd2 Bxd2+ 6.Nxd2 O-O 7.Bd3 d5 8.
Ne2 Bg4 9.f3 Be6 10.O-O Re8 11.c5 Nc6 12.a3 Ne7 13.Nf4 Bf5 14.Qc2 Qd7 15.
b4 Bxd3 16.Nxd3 Nf5 17.Qb2 Qb5 18.Ne5 Re7 19.a4 Qe8 20.Rfe1 Nd7 21.f4 f6 
22.Nef3 Qf7 23.Kf2 Rae8 24.Ra3 Nh6 25.h3 Qg6 26.Rxe7 Rxe7 27.b5 Qe8 28.Nf1
Nf5 29.g4 Nh6 30.Re3 Rxe3 31.Nxe3 Qe4 32.f5 Nf7 33.c6 bxc6 34.bxc6 Nb6 35.
a5 Ng5 36.Nxg5 fxg5 37.axb6 Qf4+ 38.Ke2 Qh2+ 39.Kf3 Qxh3+ 40.Kf2 Qh2+ 41.
Ng2 axb6 42.Qe2 Qd6 43.Qe8+ Qf8 44.Qxf8+ Kxf8 45.Ne3 Ke7 46.Nxd5+ Kd6 47.
Nb4 g6 48.fxg6 hxg6 49.Ke3 Ke6 50.Ke4 Kd6 51.Nd5 Kxc6 52.Ne7+ Kd6 53.Nxg6 
b5 54.Ne5 Ke6 55.d5+ Kd6 56.Nf7+ Kc5 57.Nxg5 b4 58.Nf3 b3 59.Nd2 b2 60.g5 
Kb4 61.Kd3 1-0

[Event "Harplinge Mini Open"]
[Site "Tylosand"]
[Date "2016.05.05"]
[Round "4.2"]
[White "Bensryd, Hampus"]
[Black "Jonsson, Filip"]
[Result "0-1"]
[WhiteElo "1480"]
[BlackElo "1421"]

1.e4 e6 2.d4 d5 3.Nd2 Nf6 4.Bd3 c5 5.Ne2 c4 6.Bxc4 dxc4 7.e5 Nd5 8.Nxc4 
Be7 9.O-O O-O 10.Nd2 Nc6 11.f4 Ne3 12.Qe1 Nxf1 13.Nxf1 Nxd4 14.Nxd4 Qxd4+ 
15.Kh1 Qb6 16.Qg3 Bc5 17.Ne3 Rd8 0-1

[Event "Harplinge Mini Open"]
[Site "Tylosand"]
[Date "2016.05.05"]
[Round "4.3"]
[White "Ivarsson, Sebastian"]
[Black "Fakhr Eldin, Majed"]
[Result "0-1"]
[WhiteElo "1368"]
[BlackElo "1330"]

1.e4 c5 2.Nf3 Nc6 3.d4 cxd4 4.Nxd4 Nf6 5.Nc3 e6 6.Bg5 Be7 7.Bc4 O-O 8.Qd3 
Qb6 9.Bxf6 Bxf6 10.Nxc6 bxc6 11.O-O-O d5 12.exd5 cxd5 13.Bb3 Ba6 14.Qg3 
Rab8 15.Na4 Qb4 16.h3 Bc4 17.Qf3 Bb5 18.a3 Qa5 19.Nc3 Rfc8 20.Nxb5 Qxb5 
21.Qd3 Qc5 22.f4 Qf2 23.g3 a5 24.Rd2 Qb6 25.Kd1 a4 26.Bxa4 Qxb2 27.Ke2 Rc3
28.Qa6 Rxa3 29.Rd3 Qxc2+ 30.Bxc2 Rxa6 31.Rb3 Rxb3 32.Bxb3 Ra3 33.Rc1 h6 
34.Bc2 Rxg3 35.Bd3 g5 36.Rc8+ Kg7 37.f5 Rxh3 38.fxe6 fxe6 39.Rc7+ Kf8 40.
Bg6 Be7 41.Rc8+ Kg7 42.Rc7 Kxg6 43.Rxe7 Kf6 44.Re8 Rh4 45.Rf8+ Ke5 46.Rf3 
Rf4 47.Rh3 Rh4 48.Rf3 h5 49.Rg3 Re4+ 50.Kd2 g4 51.Kd3 Kf4 52.Rg1 Re3+ 53.
Kd4 g3 54.Rh1 g2 55.Rh4+ Kg3 56.Rxh5 Re4+ 57.Kd3 g1=Q 58.Rg5+ Rg4 59.Re5 
Qd1+ 60.Kc3 Rc4+ 61.Kb2 Qc1+ 62.Ka2 Ra4+ 63.Kb3 Qc4+ 64.Kb2 Rb4+ 65.Ka1 
Qa6# 0-1

[Event "Harplinge Mini Open"]
[Site "Tylosand"]
[Date "2016.05.05"]
[Round "4.4"]
[White "Norrman, Johannes"]
[Black "Sixt, Ylva"]
[Result "0-1"]
[WhiteElo "1561"]
[BlackElo "1068"]

1.e4 e5 2.f4 d6 3.Nf3 Nc6 4.c3 Nf6 5.d3 g6 6.Be2 Bg7 7.O-O O-O 8.Qc2 Re8 
9.Be3 Ng4 10.Bf2 exf4 11.Nfd2 Ne7 12.Na3 d5 13.Bxg4 Bxg4 14.exd5 Nxd5 15.
d4 Ne3 16.Bxe3 fxe3 17.Nf3 e2 18.Rfe1 Bxf3 19.gxf3 Qg5+ 20.Kf2 Qe3+ 21.Kg2
Bf6 22.Nc4 Qe7 23.Qe4 Bh4 24.Qxb7 Rad8 25.Ne5 Bxe1 26.Rxe1 Qg5+ 27.Kh3 Qd2
28.Qxc7 Rf8 29.Nxf7 Rde8 30.Qd7 Qe3 31.Nd6 Qxf3+ 32.Kh4 Qf2+ 33.Kg4 Rf4+ 
34.Kg5 Qh4# 0-1

[Event "Harplinge Mini Open"]
[Site "Tylosand"]
[Date "2016.05.05"]
[Round "4.5"]
[White "Malmstrom, Asker"]
[Black "Nilsson, Gert"]
[Result "0-1"]
[WhiteElo "1303"]
[BlackElo "1538"]

1.e4 e5 2.Nf3 Nc6 3.d4 exd4 4.Nxd4 Nf6 5.Nc3 Be7 6.Bc4 Ne5 7.Bb3 O-O 8.O-O
a6 9.Bf4 d6 10.Nf3 Bg4 11.Bxe5 dxe5 12.Qxd8 Raxd8 13.Nxe5 Bh5 14.Nd5 Nxd5 
15.exd5 Bd6 16.Nc4 Bc5 17.Ne3 Bg6 18.c3 Rfe8 19.Rfe1 Rd7 20.Rad1 Bh5 21.
Rd3 c6 22.Kf1 Kf8 23.a4 Bg6 24.Rd2 cxd5 25.Rxd5 Rxd5 26.Bxd5 Bd3+ 27.Kg1 
b6 28.Rd1 Bg6 29.Re1 Rd8 30.c4 Bd4 31.b3 Bc5 32.h3 a5 33.g3 Re8 34.Kh2 
Bxe3 35.Rxe3 Rxe3 36.fxe3 Bc2 37.Bc6 Bxb3 38.Bb5 Ke7 39.Kg2 Kd6 40.Kf3 Kc5
41.Ke4 Bxc4 42.Be8 f6 43.h4 Kd6 44.Kd4 Be6 45.Bb5 f5 46.Be8 h6 47.Bb5 g5 
48.hxg5 hxg5 49.Be8 Bb3 50.Bb5 Bc2 51.Be8 Be4 52.Bb5 Bf3 53.Be8 Bc6 54.
Bxc6 Kxc6 55.Kc4 Kd6 56.Kd4 Ke6 57.e4 f4 58.gxf4 gxf4 59.Kd3 Ke5 60.Kc4 
Kxe4 61.Kb5 f3 62.Kxb6 f2 63.Kxa5 f1=Q 64.Kb6 Qb1+ 65.Ka5 Kd5 66.Ka6 Kc6 
67.a5 Qb7# 0-1

[Event "Harplinge Mini Open"]
[Site "Tylosand"]
[Date "2016.05.05"]
[Round "4.6"]
[White "Dingertz, Erik"]
[Black "Morell, Adam"]
[Result "1/2-1/2"]
[WhiteElo "1303"]
[BlackElo "1525"]

1.e4 c5 2.c3 Nf6 3.f3 Nc6 4.d4 cxd4 5.cxd4 d6 6.Bb5 a6 7.Ba4 b5 8.Bb3 e6 
9.Ne2 Be7 10.Bf4 e5 11.Bg3 Qb6 12.Bf2 Qc7 13.Nd2 O-O 14.Rc1 Qb7 15.O-O Bd7
16.Re1 Rac8 17.f4 exd4 18.Nxd4 Bg4 19.N2f3 Nxd4 20.Bxd4 Nxe4 21.Rxc8 Rxc8 
22.Qe2 d5 23.Bxd5 Qxd5 24.Qxe4 Qxe4 25.Rxe4 Kf8 26.Kf1 Bxf3 27.gxf3 Bc5 
28.Bc3 Rd8 29.Re5 Bd6 30.Rd5 Be7 31.Re5 Bf6 32.Bb4+ Kg8 33.Re2 h6 1/2-1/2

[Event "Harplinge Mini Open"]
[Site "Tylosand"]
[Date "2016.05.06"]
[Round "5.1"]
[White "Jonsson, Filip"]
[Black "Sadiku, Lorik"]
[Result "1-0"]
[WhiteElo "1421"]
[BlackElo "1463"]

1.g3 c5 2.Bg2 Nf6 3.Nf3 g6 4.d4 cxd4 5.Nxd4 Bg7 6.O-O d6 7.Nc3 O-O 8.h3 
Qc7 9.Ndb5 Qd8 10.Be3 a6 11.Nd4 Qc7 12.g4 Nc6 13.g5 Nh5 14.Nd5 Qd8 15.Nxc6
bxc6 16.Nb4 Bb7 17.Nxc6 Qd7 18.Qd5 Kh8 19.Ne5 Bxe5 20.Qxb7 Qxb7 21.Bxb7 
Rab8 22.Bxa6 Rxb2 23.Bd3 Bc3 24.a4 Ra8 25.a5 Ng7 26.a6 e6 27.Rfb1 Ne8 28.
Rxb2 Bxb2 29.Rb1 Bc3 30.a7 Nc7 31.Rb8+ Kg7 32.Bb5 Nxb5 33.Rxa8 Nxa7 34.
Rxa7 d5 35.Rd7 Be5 36.Bc5 Bf4 37.h4 h5 38.gxh6+ Bxh6 39.Bd4+ Kh7 40.Rd8 g5
41.h5 Bg7 42.Bxg7 Kxg7 43.Kg2 Kh6 44.Rd7 f5 45.Rd6 Kxh5 46.Rxe6 Kg4 47.Rd6
f4 48.Rxd5 Kh4 49.c4 g4 50.c5 f3+ 51.exf3 g3 1-0

[Event "Harplinge Mini Open"]
[Site "Tylosand"]
[Date "2016.05.06"]
[Round "5.2"]
[White "Fakhr Eldin, Majed"]
[Black "Sixt, Ylva"]
[Result "0-1"]
[WhiteElo "1330"]
[BlackElo "1068"]

1.e4 e5 2.Nf3 Nc6 3.Bb5 d6 4.O-O Nf6 5.d4 Bd7 6.Bxc6 bxc6 7.dxe5 Nxe4 8.
Re1 d5 9.c4 Bc5 10.Be3 Bxe3 11.Rxe3 Bf5 12.Nd4 Qd7 13.f3 c5 14.Nxf5 Qxf5 
15.fxe4 dxe4 16.Nc3 O-O 17.Qd5 Rad8 18.Qxe4 Qe6 19.Rd3 Rde8 20.Re1 c6 21.
Na4 f5 22.Qf3 Qxc4 23.b3 Qb5 24.e6 c4 25.Rd6 Qb4 26.Rd7 Qxe1+ 27.Qf1 Qxf1+
28.Kxf1 cxb3 29.axb3 Rxe6 30.Rxa7 Rc8 31.Kf2 c5 32.Ra5 Rec6 33.Kf3 g6 34.
h3 h6 35.Kf4 c4 36.bxc4 Rxc4+ 37.Ke5 Re4+ 38.Kd5 Rd8+ 39.Kc5 Re5+ 40.Kb6 
Rxa5 41.Kxa5 g5 42.Nc5 Rd2 0-1

[Event "Harplinge Mini Open"]
[Site "Tylosand"]
[Date "2016.05.06"]
[Round "5.3"]
[White "Nielsen, Tim"]
[Black "Carlsson, Isak"]
[Result "1-0"]
[WhiteElo "1585"]
[BlackElo "1442"]

1.e4 c5 2.Nf3 Nc6 3.c3 Nf6 4.d3 g6 5.Bg5 Bg7 6.Qd2 Qb6 7.Na3 h6 8.Bh4 g5 
9.Bg3 d6 10.Nc4 Qa6 11.Qc2 O-O 12.d4 b5 13.Ne3 Bg4 14.Nxg4 Nxg4 15.h3 cxd4
16.hxg4 dxc3 17.bxc3 Rfc8 18.Rc1 Nb4 19.Qb3 Qxa2 20.Qxb4 Bxc3+ 21.Rxc3 
Qa1+ 22.Kd2 Qa2+ 23.Kd3 Rxc3+ 24.Qxc3 Qa6 25.Ke3 Qb6+ 26.Qd4 Qa5 27.Rxh6 
Qa3+ 28.Bd3 f6 29.Bxd6 Rd8 30.Bxa3 1-0

[Event "Harplinge Mini Open"]
[Site "Tylosand"]
[Date "2016.05.06"]
[Round "5.4"]
[White "Nilsson, Gert"]
[Black "Wernberg, Hugo"]
[Result "1/2-1/2"]
[WhiteElo "1538"]
[BlackElo "1438"]

1.d4 e6 2.e3 Nf6 3.f4 d5 4.Nf3 Nc6 5.Bd3 Bd7 6.O-O g6 7.c3 Bg7 8.Ne5 O-O 
9.Nd2 Nxe5 10.fxe5 Ne8 11.e4 c6 12.Nf3 f6 13.exf6 Bxf6 14.e5 Be7 15.Qd2 
Ng7 16.Qh6 Nf5 17.Bxf5 Rxf5 18.g4 Rf7 19.Bg5 Qf8 20.Qxf8+ Raxf8 21.Bxe7 
Rxe7 22.Nd2 Ref7 23.Rxf7 Rxf7 24.Rf1 Rxf1+ 25.Kxf1 g5 26.Kf2 Kf7 27.Nf1 h6
28.Ng3 Ke7 29.Nh5 Be8 30.Nf6 Bg6 31.Kg3 b6 32.h4 c5 33.Ng8+ Kf7 34.Nxh6+ 
Kg7 35.hxg5 cxd4 36.cxd4 a5 37.Kf3 Kf8 38.Ke3 Kg7 39.Kd2 Kf8 40.Kc3 Kg7 
41.a3 Kf8 42.b4 a4 43.b5 Kg7 44.Kb4 Bc2 45.Kc3 Bg6 46.Kd2 Be8 47.Kc3 Bxb5 
48.Kb4 Be8 49.Kc3 Bd7 50.Kd3 b5 51.Kc3 Kf8 52.g6 Kg7 53.Nf7 Kxg6 54.Nd6 
Bc6 55.Kb4 Kg5 56.Nxb5 Kxg4 57.Nc3 Kf4 58.Kc5 Be8 59.Na2 Ke3 60.Nb4 Kd2 
61.Kd6 Kc3 62.Kxe6 Kxd4 63.Nxd5 Kc4 64.Kd6 Kb3 65.e6 Kxa3 66.Nf6 Kb2 67.
Nxe8 a3 68.e7 a2 69.Nc7 a1=Q 70.e8=Q Qa3+ 71.Kc6 Qa4+ 72.Nb5 Qa3 1/2-1/2